Second Most Common Language by Country - Statistics

General Stats
  • This quiz has been taken 167 times
  • The average score is 14 of 20
Answer Stats
Country Answer % Correct
United States Spanish
99%
Canada French
96%
Ukraine Russian
93%
France Arabic
89%
United Arab Emirates Hindi
80%
Finland Swedish
80%
China Cantonese
79%
Germany Turkish
78%
New Zealand Maori
77%
Brazil German
76%
Spain Catalan
74%
Sri Lanka Tamil
74%
India Bengali
71%
Australia Mandarin
67%
Peru Quechua
61%
Turkey Kurdish
60%
Indonesia Javanese
55%
South Africa Xhosa
53%
Russia Tatar
45%
United Kingdom Scots
25%
No matching quizzes found
Score Distribution
Percent of People with Each Score
Percentile by Number Answered
Your Score History
You have not taken this quiz